[Event "31. Copenhagen Open Politiken Cup"]
[Site "Helsingør"]
[Date "2009.07.18"]
[Round "1.63"]
[White "Salomonsson, Sixten"]
[Black "Nielsen, Lars Aaes"]
[Result "0-1"]
[WhiteElo "1860"]
[BlackElo "2233"]
[PlyCount "84"]
[EventDate "2009.07.18"]
[EventType "swiss"]
[EventRounds "9"]
[EventCountry "DEN"]
[Source "lmi"]
[SourceDate "2009.07.18"]
[WhiteTeam "Helsingborg"]
[BlackTeam "Nordkalotten"]

1. e4 e6 2. d4 d5 3. Nc3 Bb4 4. e5 Qd7 5. a3 Bxc3+ 6. bxc3 b6 7. Nf3 Ne7 8. a4
Ba6 9. Bxa6 Nxa6 10. O-O Nb8 11. Re1 Nbc6 12. Qd3 Na5 13. Nd2 Qc6 14. Ba3 Ng6
15. Bb4 Nc4 16. Nxc4 dxc4 17. Qe4 Qxe4 18. Rxe4 a5 19. Ba3 Kd7 20. Rb1 Rae8 21.
h4 h5 22. g3 Ne7 23. Bxe7 Rxe7 24. Rb5 Kc6 25. f4 Rd8 26. Re1 Rd5 27. Reb1 Rxb5
28. axb5+ Kd5 29. Kf2 Re8 30. Kf3 Ra8 31. Ra1 a4 32. Ra3 Ra5 33. Ke3 g6 34. Kf3
Rxb5 35. Rxa4 Ra5 36. Rb4 Ra2 37. Rb5+ Kc6 38. Rb4 b5 39. g4 hxg4+ 40. Kxg4
Rxc2 41. Kg5 Rxc3 42. Rb1 Rf3 0-1

[Event "31. Copenhagen Open Politiken Cup"]
[Site "Helsingør"]
[Date "2009.07.18"]
[Round "1.82"]
[White "Molvig, Henrik"]
[Black "Agovic, Sejfo"]
[Result "1-0"]
[WhiteElo "2176"]
[BlackElo "1801"]
[PlyCount "62"]
[EventDate "2009.07.18"]
[EventType "swiss"]
[EventRounds "9"]
[EventCountry "DEN"]
[Source "lmi"]
[SourceDate "2009.07.18"]
[WhiteTeam "Skovbo"]
[BlackTeam "Helsingborg"]

1. d4 Nf6 2. c4 g6 3. Nc3 Bg7 4. e4 d6 5. Nf3 O-O 6. Be2 Nbd7 7. O-O c6 8. e5
dxe5 9. dxe5 Ng4 10. e6 Nde5 11. Nxe5 Qxd1 12. Rxd1 Bxe5 13. Bxg4 f5 14. Bf3
Bf6 15. Bh6 Bxe6 16. Bxf8 Rxf8 17. Be2 g5 18. Rd2 Bc8 19. h3 e5 20. Rad1 Kg7
21. g4 h5 22. gxf5 Bxf5 23. Bxh5 Bxh3 24. f3 Be6 25. b3 Be7 26. Ne4 Rf4 27. Rg2
Kh6 28. Bg4 Bxg4 29. Rxg4 Rxf3 30. Rd7 Kh5 31. Rg2 Re3 1-0

[Event "31. Copenhagen Open Politiken Cup"]
[Site "Helsingør"]
[Date "2009.07.18"]
[Round "1.83"]
[White "Holmgren, Peter"]
[Black "Gandrud, Vegar Koi"]
[Result "0-1"]
[WhiteElo "1800"]
[BlackElo "2169"]
[PlyCount "80"]
[EventDate "2009.07.18"]
[EventType "swiss"]
[EventRounds "9"]
[EventCountry "DEN"]
[Source "lmi"]
[SourceDate "2009.07.18"]
[WhiteTeam "Bollmora"]
[BlackTeam "Hønefoss"]

1. d4 d5 2. Nf3 e6 3. e3 Nf6 4. Bd3 Be7 5. O-O O-O 6. Nbd2 b6 7. Ne5 Bb7 8. c3
c5 9. b3 Nbd7 10. f4 Qc8 11. Rf3 c4 12. Bb1 cxb3 13. Qxb3 Ne4 14. Nxe4 dxe4 15.
Rf2 Nxe5 16. fxe5 Bd5 17. Qc2 Qc4 18. a4 Rac8 19. Ba3 Rfe8 20. Bb2 Bg5 21. Qd2
Rc7 22. g3 Rec8 23. h4 Bd8 24. Rf4 Qc6 25. Qg2 b5 26. a5 Rb7 27. Bxe4 b4 28. a6
Rbb8 29. Bxd5 exd5 30. cxb4 Rxb4 31. Qf2 Qg6 32. e4 dxe4 33. Rc1 Rxc1+ 34. Bxc1
Rb1 35. Qe1 Bb6 36. Kh2 Qc6 37. Rf1 Qc2+ 38. Kh3 Bxd4 39. Qa5 Qc8+ 40. g4 Rb3+
0-1

[Event "31. Copenhagen Open Politiken Cup"]
[Site "Helsingør"]
[Date "2009.07.18"]
[Round "1.89"]
[White "Hansen, Verner"]
[Black "Struch, Thomas"]
[Result "0-1"]
[WhiteElo "1788"]
[BlackElo "2154"]
[PlyCount "80"]
[EventDate "2009.07.18"]
[EventType "swiss"]
[EventRounds "9"]
[EventCountry "DEN"]
[Source "lmi"]
[SourceDate "2009.07.18"]
[WhiteTeam "Espergærde"]
[BlackTeam "Gladsaxe"]

1. e4 e5 2. Nf3 Nc6 3. Bc4 Nf6 4. d3 Bc5 5. O-O a6 6. Bg5 h6 7. Be3 Bxe3 8.
fxe3 O-O 9. Nbd2 d5 10. exd5 Nxd5 11. Qe1 Be6 12. Rd1 Qe7 13. Qf2 Rad8 14. d4
exd4 15. exd4 Nf6 16. Bxe6 Qxe6 17. c4 Ng4 18. Qg3 Nxd4 19. Rde1 Qb6 20. Kh1
Nxf3 21. Nxf3 Ne3 22. Rf2 Nf5 23. Qf4 Qxf2 24. Qxf5 Rd2 25. Qg4 Rfd8 26. h3
Rxb2 27. Re7 Rb1+ 28. Kh2 Qc5 29. Qe4 Qd6+ 30. Re5 Ra1 31. c5 Qc6 32. Qc4 Re8
33. Rf5 Qe6 34. Qg4 Qg6 35. Qf4 Rxa2 36. Nh4 Qe6 37. Qxc7 g5 38. Qg3 Kf8 39.
Qc3 gxh4 40. Qh8+ Ke7 0-1

[Event "31. Copenhagen Open Politiken Cup"]
[Site "Helsingør"]
[Date "2009.07.18"]
[Round "1.96"]
[White "Hansen, Morten Moller"]
[Black "Antonsen, Atli"]
[Result "1-0"]
[WhiteElo "2144"]
[BlackElo "1720"]
[PlyCount "93"]
[EventDate "2009.07.18"]
[EventType "swiss"]
[EventRounds "9"]
[EventCountry "DEN"]
[Source "lmi"]
[SourceDate "2009.07.18"]
[WhiteTeam "Damhus"]
[BlackTeam "Rejkjavikur"]

1. d4 e6 2. c4 f5 3. Nf3 d5 4. g3 c6 5. Qc2 Bd6 6. Bg2 Nf6 7. O-O Ne4 8. b3 Qe7
9. Bb2 O-O 10. Ne5 Nd7 11. e3 Qg5 12. Ba3 Bxa3 13. Nxa3 Ndf6 14. Rae1 Qh6 15.
f3 Ng5 16. b4 a6 17. Nb1 Bd7 18. Nd2 Be8 19. Nd3 Bg6 20. Nf4 Rae8 21. a4 e5 22.
dxe5 Rxe5 23. Nxg6 hxg6 24. cxd5 Rxd5 25. h4 Nf7 26. f4 Rd7 27. Nb3 Rfd8 28.
Qc4 Nd5 29. e4 Nd6 30. Qc5 Nxe4 31. Bxe4 fxe4 32. Rxe4 g5 33. fxg5 Qg6 34. Rd4
Qe8 35. Qc1 Re7 36. Nc5 Re3 37. Kh2 Qe5 38. Rg4 Re2+ 39. Kh3 b6 40. Nd3 Qe6 41.
Nf4 Nxf4+ 42. Qxf4 b5 43. axb5 cxb5 44. g6 Red2 45. Qf7+ Qxf7 46. Rxf7 R2d6 47.
h5 1-0

[Event "31. Copenhagen Open Politiken Cup"]
[Site "Helsingør"]
[Date "2009.07.18"]
[Round "1.98"]
[White "Korley, Kassa"]
[Black "Kobberberg, Steen"]
[Result "1-0"]
[WhiteElo "2143"]
[BlackElo "1715"]
[PlyCount "99"]
[EventDate "2009.07.18"]
[EventType "swiss"]
[EventRounds "9"]
[EventCountry "DEN"]
[Source "lmi"]
[SourceDate "2009.07.18"]
[WhiteTeam "Marshall"]
[BlackTeam "Frederiksværk"]

1. d4 d5 2. Nf3 Nf6 3. c4 c6 4. e3 e6 5. Nc3 a6 6. c5 Nbd7 7. Bd3 Be7 8. g4 g6
9. h3 b6 10. cxb6 Qxb6 11. Na4 Qa5+ 12. Bd2 Bb4 13. a3 Bxd2+ 14. Nxd2 c5 15.
Nxc5 Nxc5 16. dxc5 Qxc5 17. Rc1 Qd6 18. Qc2 Bd7 19. Qc7 Qxc7 20. Rxc7 Rc8 21.
Rxc8+ Bxc8 22. Ke2 h5 23. Rc1 Kd8 24. g5 Ne8 25. h4 Nd6 26. Nf3 Bb7 27. Ne5 Re8
28. Rc5 Re7 29. Nc6+ Bxc6 30. Rxc6 Rd7 31. Rxa6 Ke7 32. f4 Rb7 33. b4 Kd7 34.
Kd2 Rc7 35. a4 Nc4+ 36. Bxc4 Rxc4 37. b5 e5 38. fxe5 Rxh4 39. a5 Rb4 40. Rd6+
Kc7 41. b6+ Kb7 42. Rxd5 Ka6 43. Kc3 Rb1 44. Rd7 Kxa5 45. b7 Ka6 46. Rxf7 Rxb7
47. e6 Rb5 48. e7 Re5 49. Kd4 Re6 50. Rf6 1-0

[Event "31. Copenhagen Open Politiken Cup"]
[Site "Helsingør"]
[Date "2009.07.18"]
[Round "1.103"]
[White "Brondum, Eric"]
[Black "Olofsson-Dolk, Mattis"]
[Result "1-0"]
[WhiteElo "2122"]
[BlackElo "1683"]
[PlyCount "63"]
[EventDate "2009.07.18"]
[EventType "swiss"]
[EventRounds "9"]
[EventCountry "DEN"]
[Source "lmi"]
[SourceDate "2009.07.18"]
[WhiteTeam "K41"]
[BlackTeam "Växjö"]

1. d4 Nf6 2. Nf3 e6 3. c4 c5 4. d5 exd5 5. cxd5 d6 6. Nc3 g6 7. e4 Bg7 8. Be2
O-O 9. O-O a6 10. a4 Bg4 11. h3 Bxf3 12. Bxf3 Nbd7 13. Bf4 Qc7 14. Qc2 Rfe8 15.
Bh2 Re7 16. g4 h6 17. Bg2 Rae8 18. f4 Qb8 19. Rad1 Nh7 20. e5 Kh8 21. Ne4 dxe5
22. d6 Re6 23. f5 gxf5 24. gxf5 Rf6 25. Nxf6 Nhxf6 26. Qb3 Bf8 27. Qxf7 Bxd6
28. Qg6 Bf8 29. Rd2 Bg7 30. Rfd1 Qc7 31. Rxd7 Nxd7 32. Qxe8+ 1-0

[Event "31. Copenhagen Open Politiken Cup"]
[Site "Helsingør"]
[Date "2009.07.18"]
[Round "1.106"]
[White "Christiansen, Torsten Sundgaard"]
[Black "Rhee, Kasper Alexander"]
[Result "0-1"]
[WhiteElo "1678"]
[BlackElo "2116"]
[PlyCount "44"]
[EventDate "2009.07.18"]
[EventType "swiss"]
[EventRounds "9"]
[EventCountry "DEN"]
[Source "lmi"]
[SourceDate "2009.07.18"]
[WhiteTeam "Helsingør"]
[BlackTeam "Hørsholm"]

1. d4 c5 2. d5 d6 3. Nf3 Nf6 4. g3 g6 5. Bg2 Na6 6. Nc3 Bg7 7. a4 O-O 8. O-O
Nc7 9. Ng5 Rb8 10. Nge4 Nxe4 11. Bxe4 e5 12. f4 f5 13. Bg2 e4 14. Nb5 Nxb5 15.
axb5 a6 16. bxa6 b5 17. c4 bxc4 18. Qc2 Rb4 19. Rb1 Qb6 20. a7 Bb7 21. Bd2 Rxb2
22. Qxc4 Rxb1 0-1

[Event "31. Copenhagen Open Politiken Cup"]
[Site "Helsingør"]
[Date "2009.07.18"]
[Round "1.108"]
[White "Østergaard, Mikkel Gauno"]
[Black "Andersen, Lars Christoff"]
[Result "1/2-1/2"]
[WhiteElo "1663"]
[BlackElo "2113"]
[PlyCount "63"]
[EventDate "2009.07.18"]
[EventType "swiss"]
[EventRounds "9"]
[EventCountry "DEN"]
[Source "lmi"]
[SourceDate "2009.07.18"]
[WhiteTeam "SK68"]
[BlackTeam "Herlev"]

1. d4 d5 2. c4 e6 3. Nc3 c5 4. e3 Nc6 5. Nf3 Nf6 6. Bd3 a6 7. a3 dxc4 8. Bxc4
b5 9. Bd3 Bb7 10. O-O cxd4 11. exd4 Be7 12. Re1 O-O 13. Bc2 Qd6 14. Qd3 g6 15.
Bh6 Rfd8 16. Rad1 b4 17. Ne4 Nxe4 18. Qxe4 Na5 19. Qg4 Bxf3 20. Qxf3 bxa3 21.
Bf4 Qd7 22. bxa3 Rac8 23. Be4 Qa4 24. d5 Qxa3 25. d6 Qxf3 26. Bxf3 Bf6 27. d7
Rc4 28. Be3 Rb4 29. Bd2 Rb5 30. Be2 Rd5 31. Bf3 Rb5 32. Be2 1/2-1/2

[Event "31. Copenhagen Open Politiken Cup"]
[Site "Helsingør"]
[Date "2009.07.18"]
[Round "1.109"]
[White "Haarr, Jon Kristian"]
[Black "Pawel, Wojciech"]
[Result "1-0"]
[WhiteElo "2110"]
[BlackElo "1656"]
[PlyCount "67"]
[EventDate "2009.07.18"]
[EventType "swiss"]
[EventRounds "9"]
[EventCountry "DEN"]
[Source "lmi"]
[SourceDate "2009.07.18"]
[WhiteTeam "Sandness"]
[BlackTeam "Hillerød"]

1. e4 c5 2. d4 cxd4 3. c3 d6 4. cxd4 Nf6 5. Nc3 g6 6. Bg5 Bg7 7. Qd2 O-O 8. f3
Nc6 9. Bc4 Bd7 10. Nge2 Rc8 11. h4 Na5 12. Bd3 Nc4 13. Bxc4 Rxc4 14. b3 Rc8 15.
e5 dxe5 16. dxe5 Ne8 17. Rd1 Bxe5 18. Qxd7 Bxc3+ 19. Nxc3 Qxd7 20. Rxd7 Rxc3
21. Bxe7 Rc1+ 22. Rd1 Rxd1+ 23. Kxd1 Ng7 24. Bxf8 Kxf8 25. g4 Ke7 26. Ke2 Ne6
27. Ke3 Kd6 28. Rc1 Kd7 29. Ke4 Ng7 30. Ke5 f5 31. Kf6 Ne8+ 32. Kf7 Nd6+ 33.
Kg7 fxg4 34. fxg4 1-0

[Event "31. Copenhagen Open Politiken Cup"]
[Site "Helsingør"]
[Date "2009.07.18"]
[Round "1.110"]
[White "Larsen, Eigil"]
[Black "Kruger, Norbert"]
[Result "1/2-1/2"]
[WhiteElo "1647"]
[BlackElo "2106"]
[PlyCount "135"]
[EventDate "2009.07.18"]
[EventType "swiss"]
[EventRounds "9"]
[EventCountry "DEN"]
[Source "lmi"]
[SourceDate "2009.07.18"]
[WhiteTeam "Nordkalotten"]

1. e4 c5 2. Nc3 e6 3. Bc4 a6 4. a4 Nc6 5. f4 d6 6. d3 g6 7. Nf3 Bg7 8. O-O Nge7
9. Qe1 O-O 10. Qh4 Nd4 11. Nxd4 Bxd4+ 12. Kh1 Bg7 13. g4 d5 14. Bb3 f5 15. gxf5
gxf5 16. e5 b6 17. Ne2 d4 18. Kg1 Nd5 19. Qg3 Kh8 20. Kf2 Bb7 21. Bd2 Qe7 22.
Rg1 b5 23. axb5 axb5 24. Rxa8 Rxa8 25. h4 Bh6 26. c3 dxc3 27. bxc3 Qf7 28. c4
Nc7 29. d4 bxc4 30. Bxc4 cxd4 31. Nxd4 Nd5 32. Nb5 Bc6 33. Nd6 Qa7+ 34. Ke1
Qxg1+ 35. Qxg1 Ra1+ 36. Kf2 Rxg1 37. Kxg1 Kg7 38. Bxd5 Bxd5 39. Ne8+ Kg6 40.
Kf2 Bf8 41. Kg3 Be7 42. Be1 Bc6 43. h5+ Kh6 44. Nf6 Bc5 45. Bd2 Ba4 46. Be1 Be3
47. Bb4 Kg7 48. Kf3 Bb6 49. Kg3 Bd8 50. Bc3 Be7 51. Kh4 Ba3 52. Bd2 Bc5 53. Kg5
h6+ 54. Kh4 Bf2+ 55. Kh3 Bd1 56. Bc1 Be2 57. Kg2 Bh4 58. Bb2 Bxf6 59. exf6+ Kf7
60. Kf2 Bxh5 61. Ke3 Bd1 62. Kd4 Kxf6 63. Ke3+ Kg6 64. Kf2 Kf7 65. Kg3 Ke7 66.
Kh4 Kd6 67. Be5+ Kd5 68. Bb8 1/2-1/2

[Event "31. Copenhagen Open Politiken Cup"]
[Site "Helsingør"]
[Date "2009.07.18"]
[Round "1.113"]
[White "Bratholm, Palle"]
[Black "Jacobsen, Heinrikur Tindskar"]
[Result "1-0"]
[WhiteElo "2098"]
[BlackElo "1616"]
[PlyCount "51"]
[EventDate "2009.07.18"]
[EventType "swiss"]
[EventRounds "9"]
[EventCountry "DEN"]
[Source "lmi"]
[SourceDate "2009.07.18"]
[WhiteTeam "Hørsholm"]
[BlackTeam "Havnar"]

1. d4 Nf6 2. Nf3 g6 3. c4 Bg7 4. Nc3 d6 5. e4 O-O 6. Be2 Nbd7 7. O-O c5 8. d5
h6 9. h3 Nb6 10. e5 dxe5 11. Nxe5 Nfd7 12. Ng4 h5 13. Ne3 Nf6 14. f4 Bd7 15. f5
Qc7 16. fxg6 fxg6 17. Bd3 g5 18. Nf5 Bxf5 19. Bxf5 Nxc4 20. Be6+ Kh8 21. Bxg5
Qe5 22. Qc1 Rad8 23. Rf5 Qd4+ 24. Kh1 Nd6 25. Bxf6 Bxf6 26. Qh6# 1-0

[Event "31. Copenhagen Open Politiken Cup"]
[Site "Helsingør"]
[Date "2009.07.18"]
[Round "1.114"]
[White "Rydstrom, Tom"]
[Black "Bruun, Henrik Emil"]
[Result "1-0"]
[WhiteElo "1610"]
[BlackElo "2093"]
[PlyCount "84"]
[EventDate "2009.07.18"]
[EventType "swiss"]
[EventRounds "9"]
[EventCountry "DEN"]
[Source "lmi"]
[SourceDate "2009.07.18"]
[WhiteTeam "Vaxjo"]
[BlackTeam "Køge"]

1. e4 e5 2. Nf3 Nc6 3. Bc4 Nf6 4. d3 Bc5 5. Bg5 h6 6. Bh4 d6 7. h3 Be6 8. Bb3
Qd7 9. Nc3 g5 10. Bg3 O-O-O 11. Qd2 Nh5 12. Bh2 Nf4 13. Bxf4 gxf4 14. O-O-O Nd4
15. Nxd4 Bxd4 16. Bxe6 Qxe6 17. Kb1 Rhg8 18. Rdg1 Rg7 19. Ne2 Bb6 20. g3 fxg3
21. Rxg3 Rdg8 22. Rxg7 Rxg7 23. Ng3 Qf6 24. Nf5 Rg2 25. Rf1 h5 26. Qe2 Qg5 27.
a3 Rg1 28. Rxg1 Qxg1+ 29. Ka2 Qg5 30. Qf3 Kd7 31. Qg3 Qxg3 32. fxg3 Bf2 33. Kb1
h4 34. gxh4 Ke6 35. Kc1 Bg1 36. Kd2 Bh2 37. Ke2 Bf4 38. b3 Kf6 39. Kf3 Bc1 40.
a4 Kg6 41. Kg4 Bf4 42. Ne7+ Kh7 1-0

[Event "31. Copenhagen Open Politiken Cup"]
[Site "Helsingør"]
[Date "2009.07.18"]
[Round "1.115"]
[White "Omarsson, Dadi"]
[Black "Jensen, Steen Dahlgaard"]
[Result "1-0"]
[WhiteElo "2091"]
[BlackElo "1608"]
[PlyCount "95"]
[EventDate "2009.07.18"]
[EventType "swiss"]
[EventRounds "9"]
[EventCountry "DEN"]
[Source "lmi"]
[SourceDate "2009.07.18"]
[WhiteTeam "TR"]
[BlackTeam "Maribo"]

1. e4 c5 2. Nf3 Nc6 3. d4 cxd4 4. Nxd4 e5 5. Nb5 a6 6. Nd6+ Bxd6 7. Qxd6 Qf6 8.
Qxf6 Nxf6 9. Nc3 Nb4 10. Kd2 d5 11. a3 d4 12. axb4 dxc3+ 13. Ke3 Bd7 14. bxc3
Ng4+ 15. Ke2 Bb5+ 16. Ke1 Bxf1 17. Kxf1 O-O-O 18. Ke2 Rd7 19. f3 Nf6 20. Be3
Rc7 21. Ra3 Kd7 22. Rd1+ Ke6 23. Rd3 Rhc8 24. g4 h5 25. g5 Ne8 26. Bc5 Rc6 27.
Ra1 b6 28. Be3 b5 29. Bc5 f6 30. h4 fxg5 31. hxg5 g6 32. Rad1 a5 33. Rd7 R8c7
34. Rd8 Rc8 35. R1d7 Rxc5 36. bxc5 Rxc5 37. Rd3 Ke7 38. Ra8 a4 39. Ra6 Kf7 40.
Rd7+ Kf8 41. Ra8 Rxc3 42. Rdd8 Rxc2+ 43. Kd3 Rb2 44. Rxe8+ Kf7 45. Rxe5 Rb3+
46. Kd4 a3 47. Ra7+ Kf8 48. Rc5 1-0

[Event "31. Copenhagen Open Politiken Cup"]
[Site "Helsingør"]
[Date "2009.07.18"]
[Round "1.116"]
[White "Nielsen, Leo"]
[Black "Dalberg, Preben"]
[Result "0-1"]
[WhiteElo "1603"]
[BlackElo "2088"]
[PlyCount "66"]
[EventDate "2009.07.18"]
[EventType "swiss"]
[EventRounds "9"]
[EventCountry "DEN"]
[Source "lmi"]
[SourceDate "2009.07.18"]
[WhiteTeam "Helsingør"]
[BlackTeam "Holbæk"]

1. e4 e6 2. Nc3 d5 3. exd5 exd5 4. d4 Bb4 5. Nf3 Nf6 6. Bd3 Nc6 7. O-O Bg4 8.
Re1+ Be7 9. Be2 O-O 10. Ne5 Bf5 11. a3 Re8 12. Bb5 Bd7 13. Nxd7 Qxd7 14. Bf4 a6
15. Ba4 b5 16. Bb3 Na5 17. Ba2 c6 18. b4 Nb7 19. h3 a5 20. Be5 axb4 21. Bxf6
bxc3 22. Bxe7 Rxe7 23. Bb3 Na5 24. a4 b4 25. Qd3 g6 26. Re3 Rxe3 27. fxe3 Qe6
28. Re1 f5 29. Re2 Qe4 30. Kf2 Qxd3 31. cxd3 Nxb3 32. g4 Nc1 33. Rc2 b3 0-1

[Event "31. Copenhagen Open Politiken Cup"]
[Site "Helsingør"]
[Date "2009.07.18"]
[Round "1.118"]
[White "Nilsson, Carl-Axel"]
[Black "Jensen, Soren G"]
[Result "0-1"]
[WhiteElo "1584"]
[BlackElo "2082"]
[PlyCount "66"]
[EventDate "2009.07.18"]
[EventType "swiss"]
[EventRounds "9"]
[EventCountry "DEN"]
[Source "lmi"]
[SourceDate "2009.07.18"]
[WhiteTeam "USK Rorsjon Malmø"]
[BlackTeam "AS04"]

1. e4 c5 2. Nf3 Nc6 3. d4 cxd4 4. Nxd4 Nf6 5. Nc3 e5 6. Ndb5 d6 7. Bd3 a6 8.
Na3 d5 9. exd5 Nxd5 10. Nab1 Bb4 11. Bd2 O-O 12. O-O Be6 13. Re1 f5 14. Bc4 Nc7
15. Bxe6+ Nxe6 16. Ne2 Bc5 17. Ng3 Qb6 18. Be3 Bxe3 19. Rxe3 Qxb2 20. Na3 Rad8
21. Qe1 b5 22. Rb3 Qd4 23. Rd3 Qc5 24. Rc3 Qb6 25. Nb1 b4 26. Rc4 Rd4 27. Rxd4
Nexd4 28. Qd2 Rd8 29. Qc1 Qc5 30. c4 e4 31. Qe3 f4 32. Qxf4 Nc2 33. Qxe4 Nxa1
0-1

[Event "31. Copenhagen Open Politiken Cup"]
[Site "Helsingør"]
[Date "2009.07.18"]
[Round "1.119"]
[White "Jonsson, Lennart"]
[Black "Moripen, Markus"]
[Result "1/2-1/2"]
[WhiteElo "2082"]
[BlackElo "1572"]
[PlyCount "138"]
[EventDate "2009.07.18"]
[EventType "swiss"]
[EventRounds "9"]
[EventCountry "DEN"]
[Source "lmi"]
[SourceDate "2009.07.18"]
[BlackTeam "Nordstrand"]

1. d4 Nf6 2. Nf3 g6 3. Bg5 Bg7 4. e3 O-O 5. Bd3 d6 6. O-O Re8 7. c4 e5 8. Nc3
h6 9. Bxf6 Bxf6 10. h3 Nc6 11. Bc2 Bg7 12. Qd2 f5 13. dxe5 Nxe5 14. Nxe5 Bxe5
15. f4 Bg7 16. Rae1 Be6 17. b3 Qf6 18. Nd5 Bxd5 19. Qxd5+ Kh7 20. e4 Qc3 21.
Qd3 fxe4 22. Rxe4 Rxe4 23. Qxe4 Qd4+ 24. Kh2 Qxe4 25. Bxe4 c6 26. Rd1 Re8 27.
Bf3 Bf8 28. g4 Kg7 29. Kg3 Kf6 30. h4 Re3 31. Kf2 Rc3 32. Rd2 Ke6 33. Re2+ Kd7
34. Be4 g5 35. hxg5 hxg5 36. Bf5+ Kd8 37. fxg5 b5 38. Be6 bxc4 39. bxc4 Rh3 40.
Kg2 Ra3 41. g6 Ra5 42. Bf5 Bg7 43. Kf3 Ra3+ 44. Kf4 Ra4 45. Bd3 d5 46. Rc2 Ra3
47. Bf1 d4 48. c5 Rc3 49. Rxc3 dxc3 50. Bd3 Ke7 51. Kf5 a5 52. Bc2 Bd4 53. Ke4
Bg7 54. g5 Kd7 55. Ba4 Bh8 56. Bd1 Bg7 57. Bg4+ Ke7 58. Kd3 Be5 59. Bf5 Bg7 60.
Kc4 Bh8 61. Kb3 Be5 62. Ka4 Bc7 63. Kb3 Be5 64. Be4 Bd4 65. Bxc6 Bxc5 66. Kxc3
Bb4+ 67. Kd4 Kf8 68. a4 Kg7 69. Be4 Be1 1/2-1/2

[Event "31. Copenhagen Open Politiken Cup"]
[Site "Helsingør"]
[Date "2009.07.18"]
[Round "1.121"]
[White "Svane, Rasmus"]
[Black "Dam, Vagnur"]
[Result "1-0"]
[WhiteElo "2080"]
[BlackElo "1559"]
[PlyCount "37"]
[EventDate "2009.07.18"]
[EventType "swiss"]
[EventRounds "9"]
[EventCountry "DEN"]
[Source "lmi"]
[SourceDate "2009.07.18"]
[BlackTeam "Rokur"]

1. e4 d5 2. exd5 Nf6 3. d4 e6 4. dxe6 Bxe6 5. Nf3 Nc6 6. Be2 Qd7 7. O-O Bd6 8.
c4 Bf5 9. Nc3 h6 10. Be3 O-O-O 11. d5 Ne5 12. c5 Nxf3+ 13. Bxf3 Be5 14. c6 Qd6
15. Qa4 Bxh2+ 16. Kh1 bxc6 17. dxc6 Bg1 18. Qa6+ Kb8 19. Qb7# 1-0

[Event "31. Copenhagen Open Politiken Cup"]
[Site "Helsingør"]
[Date "2009.07.18"]
[Round "1.125"]
[White "Larsen, Tor Ketil"]
[Black "Kuntz, Lene"]
[Result "1-0"]
[WhiteElo "2074"]
[BlackElo "1435"]
[PlyCount "83"]
[EventDate "2009.07.18"]
[EventType "swiss"]
[EventRounds "9"]
[EventCountry "DEN"]
[Source "lmi"]
[SourceDate "2009.07.18"]
[BlackTeam "FREM"]

1. e4 c5 2. Nc3 Nc6 3. f4 e5 4. d3 d6 5. Nf3 Nf6 6. g3 Bg4 7. h3 Bd7 8. g4 g6
9. Bg2 a6 10. a4 Bg7 11. O-O O-O 12. Ne2 b5 13. axb5 axb5 14. Rxa8 Qxa8 15. f5
gxf5 16. exf5 Qc8 17. Qe1 e4 18. dxe4 Nxe4 19. Nf4 Re8 20. Qh4 Qd8 21. Qxd8
Rxd8 22. Nh4 Bd4+ 23. Kh2 Re8 24. Nh5 Nf6 25. Ng3 d5 26. Nf3 Ne4 27. Nh5 Bh8
28. Rd1 Ne5 29. Rxd5 Nxf3+ 30. Bxf3 Be5+ 31. Rxe5 Rxe5 32. Bxe4 Bc8 33. Bf4 Re7
34. Bd6 Ra7 35. Bxc5 Ra1 36. Nf6+ Kg7 37. Ne8+ Kg8 38. Nd6 Re1 39. Bd5 Re2+ 40.
Kg3 Rxc2 41. b4 Rd2 42. Nxc8 1-0

[Event "31. Copenhagen Open Politiken Cup"]
[Site "Helsingør"]
[Date "2009.07.18"]
[Round "1.126"]
[White "Holst, Lasse"]
[Black "Nielsen, Borge Hjerrild"]
[Result "0-1"]
[WhiteElo "1411"]
[BlackElo "2073"]
[PlyCount "88"]
[EventDate "2009.07.18"]
[EventType "swiss"]
[EventRounds "9"]
[EventCountry "DEN"]
[Source "lmi"]
[SourceDate "2009.07.18"]
[WhiteTeam "Holbæk"]
[BlackTeam "Hvidovre"]

1. d4 d5 2. c4 e6 3. Nc3 Nf6 4. cxd5 exd5 5. Bg5 Be7 6. Qc2 g6 7. e3 c6 8. Bd3
Nbd7 9. Nf3 Nf8 10. O-O Ne6 11. Bh4 Ng7 12. Bg3 Bf5 13. Rfe1 Bxd3 14. Qxd3 O-O
15. a3 a5 16. Rab1 Nf5 17. Be5 Nd6 18. Nd2 Qd7 19. f3 Nh5 20. Na4 Nc8 21. Nf1
f6 22. Bg3 Nxg3 23. Nxg3 Bd6 24. Nf1 Qf7 25. e4 Bc7 26. Qb3 dxe4 27. Qxf7+ Kxf7
28. fxe4 Rd8 29. Rbd1 Nb6 30. Nc5 Rab8 31. b3 Nd7 32. Nxd7 Rxd7 33. Ne3 Rbd8
34. Rf1 Bb6 35. Nc4 Bxd4+ 36. Kh1 Ke6 37. Nxa5 Bc3 38. Rxd7 Rxd7 39. Nc4 Rd4
40. e5 fxe5 41. g3 b5 42. Nb6 Rd3 43. Rc1 Kd6 44. a4 Kc7 0-1

[Event "31. Copenhagen Open Politiken Cup"]
[Site "Helsingør"]
[Date "2009.07.18"]
[Round "1.127"]
[White "Hansen, Herluf"]
[Black "Larsen, Bror Johannes"]
[Result "1-0"]
[WhiteElo "2071"]
[BlackElo "1387"]
[PlyCount "47"]
[EventDate "2009.07.18"]
[EventType "swiss"]
[EventRounds "9"]
[EventCountry "DEN"]
[Source "lmi"]
[SourceDate "2009.07.18"]
[BlackTeam "Stavanger"]

1. Nf3 d5 2. d4 Bf5 3. e3 a6 4. c4 dxc4 5. Bxc4 e6 6. O-O Bd6 7. Nc3 Nf6 8. Re1
Ne4 9. h3 Nxc3 10. bxc3 Be4 11. Nd2 Bg6 12. Qb3 b5 13. Bf1 c5 14. dxc5 Bxc5 15.
a4 b4 16. cxb4 Be7 17. Nc4 Nc6 18. Ba3 Bxb4 19. Bxb4 Rb8 20. Red1 Qg5 21. Nd6+
Ke7 22. Nb7+ Nxb4 23. Qxb4+ Ke8 24. Nd6+ 1-0

[Event "31. Copenhagen Open Politiken Cup"]
[Site "Helsingør"]
[Date "2009.07.18"]
[Round "1.124"]
[White "Johannesen, Lars Peter Meldgaar"]
[Black "Hansen, Mads"]
[Result "1-0"]
[WhiteElo "1529"]
[BlackElo "2068"]
[PlyCount "59"]
[EventDate "2009.07.18"]
[EventType "swiss"]
[EventRounds "9"]
[EventCountry "DEN"]
[Source "lmi"]
[SourceDate "2009.07.18"]
[WhiteTeam "Ålsgårde"]
[BlackTeam "FREM"]

1. e4 c5 2. Nf3 Nc6 3. d4 cxd4 4. Nxd4 e6 5. c4 Nf6 6. Nc3 Qc7 7. Be2 a6 8. Bg5
Bc5 9. Nxc6 bxc6 10. Qd2 O-O 11. O-O Be7 12. f4 d6 13. Rf3 Rd8 14. Qc2 e5 15.
Raf1 exf4 16. Rxf4 Be6 17. Bxf6 Bxf6 18. Rxf6 gxf6 19. Rxf6 Qe7 20. e5 dxe5 21.
Ne4 Kg7 22. Qc1 Qxf6 23. Nxf6 Kxf6 24. Qh6+ Ke7 25. Qg5+ f6 26. Qg7+ Bf7 27.
Qxh7 Rd2 28. Qe4 Rad8 29. Qe3 Rxb2 30. Qa3+ 1-0

[Event "31. Copenhagen Open Politiken Cup"]
[Site "Helsingør"]
[Date "2009.07.18"]
[Round "1.128"]
[White "Jacobsen, Fredrik Beer"]
[Black "Schmied, Andreas"]
[Result "0-1"]
[WhiteElo "1367"]
[BlackElo "2068"]
[PlyCount "54"]
[EventDate "2009.07.18"]
[EventType "swiss"]
[EventRounds "9"]
[EventCountry "DEN"]
[Source "lmi"]
[SourceDate "2009.07.18"]
[WhiteTeam "Stavanger"]
[BlackTeam "SV Vimbuch"]

1. e4 c5 2. Nc3 Nc6 3. f4 g6 4. Nf3 Bg7 5. Bc4 e6 6. d3 Nge7 7. O-O O-O 8. Qe1
d5 9. Bb3 Na5 10. a3 Nxb3 11. cxb3 Nc6 12. Qh4 Qxh4 13. Nxh4 Nd4 14. b4 dxe4
15. bxc5 exd3 16. Rb1 Nb3 17. Be3 Rd8 18. Ne4 Bd7 19. Rfd1 Bc6 20. Nd6 d2 21.
Nc4 Be4 22. Nd6 Bxb1 23. Rxb1 b6 24. Rd1 bxc5 25. Nc4 Bd4 26. Bf2 Bxf2+ 27.
Kxf2 Rd4 0-1